Statistics for The least developed countries in the World

Click here to take the quiz!

General Stats

  • This quiz has been taken 37 times
  • The average score is 10 of 15

Answer Stats

RankHDIAnswer% Correct
30,457D. R. Congo
91%
10,354Niger
89%
110,524Rwanda
80%
20,437Mozambique
77%
80,502Sudan
74%
150,538Tanzania
74%
100,516Uganda
74%
50,463Ethiopia
71%
70,498Afghanistan
69%
130,535Zimbabwe
69%
120,532Nigeria
66%
60,492Ivory Coast
57%
40,452Yemen
57%
90,505Senegal
49%
140,536Syria
34%

Score Distribution

Percentile by Number Answered

Percent of People with Each Score

Your Score History

You have not taken this quiz